|
|
|
|
| LEADER |
02770nam a22003973i 4500 |
| 001 |
EBC31498815 |
| 003 |
MiAaPQ |
| 005 |
20240729202206.0 |
| 006 |
m o d | |
| 007 |
cr cnu|||||||| |
| 008 |
240729s2024 xx o ||||0 eng d |
| 020 |
|
|
|a 9789048560486
|q (electronic bk.)
|
| 020 |
|
|
|z 9789048560479
|
| 035 |
|
|
|a (MiAaPQ)EBC31498815
|
| 035 |
|
|
|a (Au-PeEL)EBL31498815
|
| 035 |
|
|
|a (OCoLC)1443937211
|
| 040 |
|
|
|a MiAaPQ
|b eng
|e rda
|e pn
|c MiAaPQ
|d MiAaPQ
|
| 082 |
0 |
|
|a 327.46904
|
| 100 |
1 |
|
|a Vila-Santa Braga Campos, Nuno Luís.
|
| 245 |
1 |
0 |
|a Knowledge Exchanges Between Portugal and Europe :
|b Maritime Diplomacy, Espionage, and Nautical Science in the Early Modern World (15th-17th Centuries).
|
| 250 |
|
|
|a 1st ed.
|
| 264 |
|
1 |
|a Amsterdam :
|b Amsterdam University Press,
|c 2024.
|
| 264 |
|
4 |
|c {copy}2024.
|
| 300 |
|
|
|a 1 online resource (378 pages)
|
| 336 |
|
|
|a text
|b txt
|2 rdacontent
|
| 337 |
|
|
|a computer
|b c
|2 rdamedia
|
| 338 |
|
|
|a online resource
|b cr
|2 rdacarrier
|
| 490 |
1 |
|
|a Maritime Humanities, 1400-1800 Series ;
|v v.7
|
| 505 |
0 |
|
|a Cover -- Table of Contents -- Acknowledgments -- Introduction: Maritime History and History of Knowledge for the 16th-Century European History -- 1. The First Global Exchange and Dispute over the Globe: the Portuguese-Spanish Nautical Interchange (1415-1580) -- 2. Unexpected or Predictable Espionage and Diplomacy? Portuguese Nautical Knowledge and the English Voyages to West Africa (1551-59) -- 3. Spying Ambassadors for a French Overseas Empire? Michel de Seure and Jean Nicot's Maritime and Cosmographical Espionage in Portugal (1557-61) -- 4. Mare Clausum and Secret Science: João Pereira Dantas and the Portuguese Strategies to Control French and English Overseas Plans (1557-68) -- 5. A Spy or a Go-between? Jan Huygen van Linschoten, the Itinerario and the Rise of Dutch Overseas Expansion (1583-1611) -- Conclusion: Five Connected Histories of Knowledge? Portugal, Spain, France, England, the Dutch Republic, and Secrecy Policies -- Illustrations -- Bibliography and Sources -- Index of Names, Places and Subjects.
|
| 588 |
|
|
|a Description based on publisher supplied metadata and other sources.
|
| 590 |
|
|
|a Electronic reproduction. Ann Arbor, Michigan : ProQuest Ebook Central, 2024. Available via World Wide Web. Access may be limited to ProQuest Ebook Central affiliated libraries.
|
| 655 |
|
4 |
|a Electronic books.
|
| 776 |
0 |
8 |
|i Print version:
|a Vila-Santa Braga Campos, Nuno Luís
|t Knowledge Exchanges Between Portugal and Europe
|d Amsterdam : Amsterdam University Press,c2024
|z 9789048560479
|
| 797 |
2 |
|
|a ProQuest (Firm)
|
| 830 |
|
0 |
|a Maritime Humanities, 1400-1800 Series
|
| 856 |
4 |
0 |
|u https://ebookcentral.proquest.com/lib/matrademy/detail.action?docID=31498815
|z Click to View
|